000 01167cam a2200289Ii 4500
001 63450
005 20230410102027.0
008 800320s1979 dr a f000 0 spa d
035 _a(OCoLC)ocm06107932
040 _aFUG
_cFUG
035 _a(OCoLC)6107932
043 _anwdr---
050 1 4 _a118 HD 1844
_bR426pr 1979
110 1 _aRepública Dominicana.
_bSecretaría de Estado de Agricultura.
_bDepartamento de Planificación.
245 1 0 _aProyecto de análisis sectorial :
_bdocumento metodológico I /
_cSecretaría de Estado de Agricultura, [Departamento de Planificación, División de Programación, Sección de Análisis Sectorial].
250 _a2a ed.
260 _aSanto Domingo :
_bLa Secretaría,
_c1977.
300 _aii, 156 leaves :
_bill. ; 28 cm.
500 _aCover title.
650 0 _aAgriculture and state
_zDominican Republic.
650 0 _aAgriculture
_xEconomic aspects
_zDominican Republic.
710 2 _aDominican Republic.
_bSecretaría de Estado de Agricultura.
856 4 2 _3mas?... busque en WorldCat (solo desde FUNGLODE)
_uhttp://www.firstsearch.oclc.gov/sip
942 _2lcc
_cbk
946 _amfcruz
994 _aC0
_bDRFGD
999 _c17556
_d17556